[Event "Vienna Clock sim U20"]
[Site "Vienna"]
[Date "2011.06.04"]
[Round "1"]
[White "Giri, Anish"]
[Black "Menezes, Christoph"]
[Result "1-0"]
[WhiteElo "2687"]
[BlackElo "2200"]
[PlyCount "59"]
[EventDate "2011.06.04"]
[EventType "simul"]
[EventRounds "1"]
[EventCountry "AUT"]
[SourceTitle "CBM 142 Extra"]
[Source "ChessBase"]
[SourceDate "2011.06.27"]
[SourceVersion "1"]
[SourceVersionDate "2011.06.27"]
[SourceQuality "1"]

1. Nf3 Nf6 2. c4 e6 3. g3 d5 4. Bg2 dxc4 5. Qa4+ c6 6. Qxc4 b5 7. Qc2 Bb7 8.
O-O Nbd7 9. Nc3 Be7 10. a4 a6 11. Rd1 Rc8 12. d4 O-O 13. Ne5 Qb6 14. Bg5 Rfe8
15. Nxd7 Nxd7 16. Bxe7 Rxe7 17. b4 Nf6 18. e3 e5 19. Ne2 Nd5 20. Qb2 e4 21.
Rdc1 f5 22. Rc5 Rd8 23. Nc3 Rc7 24. Rc1 bxa4 25. Nxa4 Qa7 26. Qb3 Rcd7 27. Bf1
Kh8 28. Bc4 g6 29. h4 Kg7 30. Qb2 1-0

[Event "Vienna Clock sim U20"]
[Site "Vienna"]
[Date "2011.06.04"]
[Round "1"]
[White "Giri, Anish"]
[Black "Newrkla, Katharina"]
[Result "1/2-1/2"]
[WhiteElo "2687"]
[BlackElo "2070"]
[PlyCount "105"]
[EventDate "2011.06.04"]
[EventType "simul"]
[EventRounds "1"]
[EventCountry "AUT"]
[SourceTitle "CBM 142 Extra"]
[Source "ChessBase"]
[SourceDate "2011.06.27"]
[SourceVersion "1"]
[SourceVersionDate "2011.06.27"]
[SourceQuality "1"]

1. d4 Nf6 2. c4 g6 3. Nc3 Bg7 4. e4 d6 5. Nf3 O-O 6. Be3 Ng4 7. Bg5 h6 8. Bh4
c5 9. dxc5 g5 10. Bg3 dxc5 11. h3 Nf6 12. e5 Nh5 13. Bh2 Nc6 14. Bd3 Nb4 15.
Be4 f5 16. exf6 Nxf6 17. Bb1 Qxd1+ 18. Nxd1 Be6 19. a3 Nc6 20. Ne3 Nh5 21. Ra2
Rad8 22. Be4 Nf4 23. Bxf4 Rxf4 24. Bd5 Bxd5 25. cxd5 Nd4 26. Nd2 Rdf8 27. Rf1
b5 28. b3 e6 29. dxe6 Nxe6 30. Rc2 Rd8 31. g3 Rfd4 32. Ke2 R4d7 33. Nf5 Nd4+
34. Nxd4 Re8+ 35. Kd1 Bxd4 36. Kc1 Rf7 37. f4 gxf4 38. gxf4 Rxf4 39. Kd1 Rxf1+
40. Nxf1 Kf7 41. Rg2 a5 42. Kd2 a4 43. bxa4 bxa4 44. Rg4 Rb8 45. Ng3 Rb3 46.
Nf5 h5 47. Rh4 Rxa3 48. Nxd4 cxd4 49. Rxh5 Rb3 50. Rd5 a3 51. Rxd4 a2 52. Ra4
Rxh3 53. Kc1 1/2-1/2

[Event "Vienna Clock sim U20"]
[Site "Vienna"]
[Date "2011.06.04"]
[Round "1"]
[White "Giri, Anish"]
[Black "Poetz, Florian"]
[Result "1/2-1/2"]
[WhiteElo "2687"]
[BlackElo "2416"]
[PlyCount "113"]
[EventDate "2011.06.04"]
[EventType "simul"]
[EventRounds "1"]
[EventCountry "AUT"]
[SourceTitle "CBM 142 Extra"]
[Source "ChessBase"]
[SourceDate "2011.06.27"]
[SourceVersion "1"]
[SourceVersionDate "2011.06.27"]
[SourceQuality "1"]

1. c4 c5 2. Nf3 Nf6 3. Nc3 Nc6 4. g3 e6 5. Bg2 d5 6. cxd5 Nxd5 7. O-O Be7 8. d4
O-O 9. Nxd5 exd5 10. dxc5 Bxc5 11. Bg5 f6 12. Bf4 Be6 13. a3 a5 14. Ne1 Bb6 15.
Rc1 Rc8 16. Nd3 d4 17. Qa4 Qe7 18. Qb5 Ba7 19. Nc5 Bxc5 20. Qxc5 Qd7 21. Qb5
Rfd8 22. Rfd1 Qf7 23. Rc5 Bb3 24. Rdc1 a4 25. Qd3 Bd5 26. Bxd5 Rxd5 27. Qc4
Rxc5 28. Qxf7+ Kxf7 29. Rxc5 Re8 30. Kf1 Ke6 31. Rb5 Re7 32. h4 Kf7 33. g4 Ke8
34. g5 fxg5 35. hxg5 Kf7 36. Bg3 Kg6 37. Bf4 Rf7 38. Bd2 Kh5 39. Ke1 g6 40. Rd5
Kg4 41. Kf1 Re7 42. Rb5 Kh3 43. e3 dxe3 44. Bxe3 Kg4 45. Kg2 Rd7 46. b3 axb3
47. Rxb3 Kf5 48. Rb5+ Ke4 49. a4 Kd3 50. a5 Nd4 51. Rb1 Kc4 52. Rc1+ Kd3 53.
Rd1+ Ke4 54. Rb1 Nf5 55. Rb4+ Kd3 56. Bb6 Ke2 57. Re4+ 1/2-1/2

[Event "Vienna Clock sim U20"]
[Site "Vienna"]
[Date "2011.06.04"]
[Round "1"]
[White "Nolz, Tom"]
[Black "Giri, Anish"]
[Result "0-1"]
[WhiteElo "2188"]
[BlackElo "2687"]
[PlyCount "136"]
[EventDate "2011.06.04"]
[EventType "simul"]
[EventRounds "1"]
[EventCountry "AUT"]
[SourceTitle "CBM 142 Extra"]
[Source "ChessBase"]
[SourceDate "2011.06.27"]
[SourceVersion "1"]
[SourceVersionDate "2011.06.27"]
[SourceQuality "1"]

1. e4 c5 2. Nc3 e6 3. Nf3 d6 4. d4 cxd4 5. Nxd4 a6 6. Be2 b5 7. a3 Bb7 8. f4
Nf6 9. Bf3 Qc7 10. O-O Nbd7 11. Qe2 e5 12. Nf5 g6 13. Ne3 exf4 14. Ned5 Nxd5
15. Nxd5 Bxd5 16. exd5+ Ne5 17. Bxf4 Bg7 18. Kh1 O-O 19. Bxe5 Bxe5 20. c3 Rab8
21. Rfe1 Kg7 22. Rac1 Rfe8 23. Qd2 Qd8 24. g3 Rc8 25. Kg2 Rc4 26. Be2 Rc7 27.
Bf3 h5 28. Re2 h4 29. Rce1 Qf6 30. Bg4 Rc4 31. Rf2 Qe7 32. Be2 Rc7 33. Bf3 Rh8
34. g4 h3+ 35. Kh1 Re8 36. Rfe2 Qf6 37. Qd3 Rce7 38. Be4 Qh4 39. Qf3 Bf6 40.
Rf1 Qg5 41. Rfe1 Be5 42. Rf1 Qh4 43. Ref2 Rf8 44. Bc2 Rc7 45. Re2 Qg5 46. Re4
Rcc8 47. Re2 Rc4 48. Re4 Rcc8 49. Re2 Rb8 50. Ref2 Rb7 51. Bd1 a5 52. Qd3 b4
53. axb4 axb4 54. c4 Ra7 55. b3 Ra1 56. Be2 Ra2 57. Qxh3 Ra7 58. Bd1 Rh8 59.
Qf3 f6 60. Re1 Ra1 61. Ref1 Ra5 62. Re1 Rh4 63. Rg2 Ra1 64. Rf1 Qh6 65. Qe2 Qc1
66. Qd2 Bxh2 67. Qxc1 Be5+ 68. Kg1 Bd4+ 0-1

[Event "Vienna Clock sim U20"]
[Site "Vienna"]
[Date "2011.06.04"]
[Round "1"]
[White "Platzgummer, Fabian"]
[Black "Giri, Anish"]
[Result "1-0"]
[WhiteElo "2312"]
[BlackElo "2687"]
[PlyCount "139"]
[EventDate "2011.06.04"]
[EventType "simul"]
[EventRounds "1"]
[EventCountry "AUT"]
[SourceTitle "CBM 142 Extra"]
[Source "ChessBase"]
[SourceDate "2011.06.27"]
[SourceVersion "1"]
[SourceVersionDate "2011.06.27"]
[SourceQuality "1"]

1. Nf3 d5 2. d4 e6 3. g3 Nf6 4. c4 Bb4+ 5. Bd2 Be7 6. Bg2 O-O 7. O-O c6 8. Qc2
Nbd7 9. Bf4 b6 10. Rd1 Ba6 11. Ne5 Rc8 12. Qa4 Bxc4 13. Nxc6 b5 14. Qa6 Rxc6
15. Qxc6 Qa5 16. Bd6 Bxd6 17. Qxd6 Bxe2 18. Rc1 Bc4 19. Qa3 Qb6 20. Qe3 e5 21.
b3 exd4 22. Qd2 Ne4 23. Bxe4 dxe4 24. bxc4 bxc4 25. Qe2 d3 26. Qxe4 Qb2 27. Nd2
Qxd2 28. Rxc4 Nf6 29. Qe3 Qxe3 30. fxe3 h5 31. Rd1 Ng4 32. Re4 Rc8 33. h3 Nf6
34. Ra4 Rc3 35. Rd4 Rc2 36. a4 g6 37. R1xd3 Kg7 38. Rd2 Rc3 39. Kf2 Nh7 40. Rb2
Ra3 41. Rb5 Kh6 42. Ke2 Ra2+ 43. Kd3 Ra3+ 44. Ke2 Ra2+ 45. Kd1 Ng5 46. Ra5 Nxh3
47. Rxa7 Nf2+ 48. Kc1 Ng4 49. Rxf7 Nxe3 50. Kb1 Rg2 51. Rf3 Nf5 52. Rdd3 Re2
53. a5 Re7 54. a6 Ra7 55. Ra3 Nd4 56. Rfd3 Nb5 57. Ra5 Nc7 58. Rd6 Na8 59. Rc6
Rf7 60. a7 Rf8 61. Kc2 Rf2+ 62. Kd1 Rf8 63. Ke2 Re8+ 64. Kd3 Rf8 65. Ke4 Re8+
66. Re5 Rg8 67. Re7 Kg5 68. Rb7 Re8+ 69. Kf3 Rf8+ 70. Kg2 1-0

[Event "Vienna Clock sim U20"]
[Site "Vienna"]
[Date "2011.06.04"]
[Round "1"]
[White "Schnegg, Anna Lena"]
[Black "Giri, Anish"]
[Result "0-1"]
[WhiteElo "2019"]
[BlackElo "2687"]
[PlyCount "56"]
[EventDate "2011.06.04"]
[EventType "simul"]
[EventRounds "1"]
[EventCountry "AUT"]
[SourceTitle "CBM 142 Extra"]
[Source "ChessBase"]
[SourceDate "2011.06.27"]
[SourceVersion "1"]
[SourceVersionDate "2011.06.27"]
[SourceQuality "1"]

1. e4 c5 2. Nf3 d6 3. d4 cxd4 4. Nxd4 a6 5. c4 Nf6 6. Nc3 e6 7. Be2 b6 8. O-O
Bb7 9. f3 Be7 10. Be3 O-O 11. Qd2 Qc7 12. Rfc1 Rc8 13. Bf1 Qd8 14. Qf2 Nbd7 15.
Kh1 Rab8 16. Rab1 Kh8 17. a3 Qe8 18. b4 Ne5 19. Qa2 Bd8 20. Qb3 Ba8 21. Qa4
Nxc4 22. Bxc4 Rxc4 23. Qxa6 d5 24. e5 Nd7 25. f4 f6 26. Ndb5 Qg6 27. Bd4 Bc6
28. Qa4 Rxd4 0-1

[Event "IND-chB 49th"]
[Site "Aurangabad"]
[Date "2011.06.17"]
[Round "3"]
[White "Himanshu, Sharma"]
[Black "Girish, A Koushnik"]
[Result "0-1"]
[WhiteElo "2414"]
[BlackElo "2288"]
[PlyCount "70"]
[EventDate "2011.06.16"]
[EventType "swiss"]
[EventRounds "13"]
[EventCountry "IND"]
[SourceTitle "CBM 143 Extra"]
[Source "ChessBase"]
[SourceDate "2011.08.29"]
[SourceVersion "1"]
[SourceVersionDate "2011.08.29"]
[SourceQuality "1"]

1. e4 c5 2. Nf3 d6 3. d4 cxd4 4. Nxd4 Nf6 5. Nc3 a6 6. Bg5 e6 7. f4 Be7 8. Qf3
Qc7 9. O-O-O Nbd7 10. g4 b5 11. Bxf6 Nxf6 12. g5 Nd7 13. f5 Bxg5+ 14. Kb1 Ne5
15. Qh5 Be3 16. Nxe6 Bxe6 17. fxe6 O-O 18. Nd5 Qa7 19. Bh3 fxe6 20. Bxe6+ Kh8
21. Rhf1 Bh6 22. Nc3 b4 23. Ne2 Qe3 24. Ng3 g6 25. Qh3 Nf3 26. Ka1 Nd4 27. Bb3
Bg7 28. Qd7 Nb5 29. Rxf8+ Rxf8 30. Qe6 Qf3 31. Rg1 Bxb2+ 32. Kxb2 Qc3+ 33. Kb1
Na3+ 34. Kc1 Qe3+ 35. Kb2 Qd4+ 0-1

[Event "IND-chB 49th"]
[Site "Aurangabad"]
[Date "2011.06.18"]
[Round "4"]
[White "Girish, A Koushnik"]
[Black "Lahiri, Atanu"]
[Result "1/2-1/2"]
[WhiteElo "2288"]
[BlackElo "2368"]
[PlyCount "138"]
[EventDate "2011.06.16"]
[EventType "swiss"]
[EventRounds "13"]
[EventCountry "IND"]
[SourceTitle "CBM 143 Extra"]
[Source "ChessBase"]
[SourceDate "2011.08.29"]
[SourceVersion "1"]
[SourceVersionDate "2011.08.29"]
[SourceQuality "1"]

1. e4 e6 2. Qe2 Nf6 3. Nf3 d5 4. exd5 Nxd5 5. g3 c5 6. Bg2 Nc6 7. O-O Be7 8.
Rd1 e5 9. c3 Bg4 10. h3 Bh5 11. d3 f6 12. Nbd2 O-O 13. Re1 Re8 14. Nc4 Bf8 15.
Qc2 Qd7 16. Nfd2 Rad8 17. Ne4 Kh8 18. a3 b5 19. Ne3 Nb6 20. g4 Bf7 21. Nf5 Be6
22. Be3 Bxf5 23. gxf5 Qxf5 24. Nxc5 Ne7 25. Qb3 Ng6 26. Qxb5 Nh4 27. Qc6 Bxc5
28. Bxc5 Nxg2 29. Qxg2 Qxd3 30. Bxb6 axb6 31. Re4 f5 32. Rh4 Re6 33. Kh2 Qd6
34. Rg1 e4+ 35. Kh1 Qe7 36. a4 g6 37. Rf4 Red6 38. h4 Qe5 39. Qg5 Rd3 40. h5
Rg8 41. Rh4 Rd6 42. Rg3 Qf6 43. Qxf6+ Rxf6 44. hxg6 Rfxg6 45. Rxg6 Rxg6 46. Rh5
Rf6 47. c4 Kg7 48. b4 Kg6 49. Rh3 f4 50. Rc3 Kf5 51. c5 bxc5 52. b5 Rd6 53. a5
Rd1+ 54. Kh2 Rd2 55. Kg1 Rd1+ 56. Kh2 Rd2 57. Kg1 Rd1+ 58. Kg2 f3+ 59. Kh2 Kg4
60. b6 Rd2 61. a6 Rxf2+ 62. Kg1 Rb2 63. b7 Kg3 64. Rc1 e3 65. a7 Rg2+ 66. Kf1
Rf2+ 67. Kg1 Rg2+ 68. Kf1 Rf2+ 69. Kg1 Rg2+ 1/2-1/2

[Event "IND-chB 49th"]
[Site "Aurangabad"]
[Date "2011.06.20"]
[Round "7"]
[White "Girish, A Koushnik"]
[Black "Udeshi, Aditya"]
[Result "0-1"]
[WhiteElo "2288"]
[BlackElo "2362"]
[PlyCount "84"]
[EventDate "2011.06.16"]
[EventType "swiss"]
[EventRounds "13"]
[EventCountry "IND"]
[SourceTitle "CBM 143 Extra"]
[Source "ChessBase"]
[SourceDate "2011.08.29"]
[SourceVersion "1"]
[SourceVersionDate "2011.08.29"]
[SourceQuality "1"]

1. e4 c5 2. Nf3 d6 3. d4 cxd4 4. Nxd4 Nf6 5. Nc3 a6 6. Bc4 e6 7. Bb3 b5 8. O-O
Bb7 9. Re1 Qd7 10. Qf3 Be7 11. Qg3 Nc6 12. Nf3 O-O 13. Bh6 Ne8 14. Rad1 Qc7 15.
Ne2 Kh8 16. Bg5 h6 17. Bxe7 Nxe7 18. Nf4 e5 19. Nd5 Bxd5 20. exd5 f5 21. Qh3
Ng6 22. g3 Qd8 23. Qh5 Qf6 24. c3 Ne7 25. Re2 g5 26. Ne1 g4 27. Ng2 Qg7 28. Ne3
Nf6 29. Qh4 Ng6 30. Nxf5 Nxh4 31. Nxg7 Nf3+ 32. Kg2 Kxg7 33. Bc2 Rac8 34. h4 h5
35. a3 Rc5 36. Bb3 a5 37. Ba2 Ra8 38. Re3 b4 39. c4 bxa3 40. bxa3 Rb8 41. Re2
Nd4 42. Red2 Ne4 0-1

[Event "IND-chB 49th"]
[Site "Aurangabad"]
[Date "2011.06.22"]
[Round "9"]
[White "Girish, A Koushnik"]
[Black "Thejkumar, MS."]
[Result "0-1"]
[WhiteElo "2288"]
[BlackElo "2451"]
[PlyCount "94"]
[EventDate "2011.06.16"]
[EventType "swiss"]
[EventRounds "13"]
[EventCountry "IND"]
[SourceTitle "CBM 143 Extra"]
[Source "ChessBase"]
[SourceDate "2011.08.29"]
[SourceVersion "1"]
[SourceVersionDate "2011.08.29"]
[SourceQuality "1"]

1. e4 e5 2. Nf3 Nc6 3. Bb5 f5 4. Nc3 fxe4 5. Nxe4 Nf6 6. Qe2 d5 7. Ng3 Bd6 8.
Nxe5 O-O 9. Bxc6 bxc6 10. O-O Re8 11. d4 c5 12. Qf3 cxd4 13. Nc6 Bg4 14. Nxd8
Bxf3 15. Nc6 Bxg3 16. hxg3 Be2 17. Re1 Bb5 18. Ne5 c5 19. Bf4 h6 20. f3 Re6 21.
g4 Rae8 22. Bg3 g5 23. Kf2 h5 24. gxh5 Nxh5 25. Bh2 Nf4 26. Bxf4 gxf4 27. Nd3
Bxd3 28. cxd3 Re3 29. Rxe3 dxe3+ 30. Ke2 Kf7 31. Rc1 Rg8 32. Kf1 Rc8 33. Ke2
Ke6 34. g3 Rb8 35. b3 Rh8 36. g4 Rh2+ 37. Kd1 Rf2 38. Rxc5 Ke5 39. Ra5 Rxf3 40.
Ra4 Rf1+ 41. Ke2 Rf2+ 42. Ke1 f3 43. Rxa7 Rh2 44. Kd1 Kd4 45. Rf7 Kxd3 46. Kc1
Rh1+ 47. Kb2 f2 0-1

[Event "IND-chB 49th"]
[Site "Aurangabad"]
[Date "2011.06.25"]
[Round "12"]
[White "Stany, George Anthony"]
[Black "Girish, A Koushnik"]
[Result "1/2-1/2"]
[WhiteElo "2407"]
[BlackElo "2288"]
[PlyCount "118"]
[EventDate "2011.06.16"]
[EventType "swiss"]
[EventRounds "13"]
[EventCountry "IND"]
[SourceTitle "CBM 143 Extra"]
[Source "ChessBase"]
[SourceDate "2011.08.29"]
[SourceVersion "1"]
[SourceVersionDate "2011.08.29"]
[SourceQuality "1"]

1. e4 e5 2. Nf3 Nc6 3. Bb5 a6 4. Ba4 Nf6 5. O-O Be7 6. Re1 b5 7. Bb3 O-O 8. d4
d6 9. c3 Bg4 10. d5 Na5 11. Bc2 c6 12. h3 Bc8 13. dxc6 Qc7 14. Nbd2 Qxc6 15.
Nf1 h6 16. Ng3 Re8 17. Nh4 Kh8 18. Nhf5 Bf8 19. Qf3 Ng8 20. Ne3 Be6 21. Nd5 Nc4
22. Rd1 Rec8 23. b3 Nb6 24. Be3 Nd7 25. Rac1 Qb7 26. Bd3 g6 27. c4 Bxd5 28.
cxd5 Ngf6 29. Qe2 Nc5 30. Qd2 Kh7 31. Rf1 Nxd3 32. Qxd3 Rxc1 33. Rxc1 Rc8 34.
Qd2 Nd7 35. Rc2 Nb8 36. Qc1 Rxc2 37. Qxc2 Be7 38. Ne2 Bd8 39. b4 Qc7 40. Qxc7
Bxc7 41. Nc3 Nd7 42. a4 bxa4 43. Nxa4 f5 44. f3 Kg7 45. Kf2 f4 46. Ba7 Kf7 47.
Ke2 Ke7 48. Bf2 Kd8 49. g3 fxg3 50. Bxg3 Nf6 51. Bh4 g5 52. Bf2 Nh5 53. Be3 Kc8
54. Nb2 Kd7 55. Nd3 Bd8 56. Bf2 Bf6 57. Kd2 Kc7 58. Be3 Kb7 59. Nb2 Bd8 1/2-1/2

[Event "Wch U20 50th"]
[Site "Chennai"]
[Date "2011.08.05"]
[Round "4"]
[White "Girish, A Koushnik"]
[Black "Ramnath, Bhuvanesh R"]
[Result "1-0"]
[WhiteElo "2309"]
[BlackElo "2422"]
[PlyCount "63"]
[EventDate "2011.08.02"]
[EventType "swiss"]
[EventRounds "13"]
[EventCountry "IND"]
[SourceTitle "CBM 143 Extra"]
[Source "ChessBase"]
[SourceDate "2011.08.29"]
[SourceVersion "1"]
[SourceVersionDate "2011.08.29"]
[SourceQuality "1"]

1. d4 Nf6 2. Nf3 g6 3. c4 Bg7 4. Nc3 O-O 5. e4 d6 6. h3 e5 7. dxe5 dxe5 8. Be3
Nbd7 9. c5 c6 10. a3 Qe7 11. b4 b6 12. cxb6 axb6 13. Bc4 Bb7 14. O-O c5 15. Qb3
Nxe4 16. Nxe4 Bxe4 17. Ng5 Bc6 18. b5 Bb7 19. Rad1 Rad8 20. Rd2 h6 21. Nxf7
Rxf7 22. Rfd1 Bc8 23. Rd6 Rdf8 24. Re6 Qd8 25. Rxg6 Qe7 26. Re6 Qd8 27. Rc6 Bb7
28. Rcd6 Bc8 29. Be6 Qe8 30. Rxd7 Bxd7 31. Rxd7 h5 32. a4 1-0

[Event "Wch U20 50th"]
[Site "Chennai"]
[Date "2011.08.09"]
[Round "7"]
[White "Sjugirov, Sanan"]
[Black "Girish, A Koushnik"]
[Result "0-1"]
[WhiteElo "2629"]
[BlackElo "2309"]
[PlyCount "106"]
[EventDate "2011.08.02"]
[EventType "swiss"]
[EventRounds "13"]
[EventCountry "IND"]
[SourceTitle "CBM 143 Extra"]
[Source "ChessBase"]
[SourceDate "2011.08.29"]
[SourceVersion "1"]
[SourceVersionDate "2011.08.29"]
[SourceQuality "1"]

1. e4 e5 2. Nf3 Nc6 3. Bb5 a6 4. Ba4 Nf6 5. O-O Be7 6. d3 b5 7. Bb3 d6 8. a4
Rb8 9. axb5 axb5 10. Nc3 O-O 11. Nd5 Nxd5 12. exd5 Nd4 13. Nxd4 exd4 14. Re1
Bf6 15. Bd2 Bd7 16. Ra5 Qc8 17. Qa1 h5 18. Ra7 Rb7 19. Rxb7 Qxb7 20. Qc1 Qc8
21. Bg5 Qd8 22. h4 Bxg5 23. Qxg5 Qxg5 24. hxg5 Re8 25. Ra1 Re7 26. Ra7 Be8 27.
f4 Kh7 28. Kf2 Kg6 29. c3 h4 30. g4 hxg3+ 31. Kxg3 Kf5 32. Bd1 Re3+ 33. Bf3 f6
34. gxf6 gxf6 35. Kf2 Kxf4 36. Be2 dxc3 37. bxc3 Bg6 38. Rxc7 Bxd3 39. Bh5 Re5
40. Bf3 Be4 41. Be2 Rxd5 42. Ke1 f5 43. Rg7 Bf3 44. Bf1 Ke3 45. Re7+ Be4 46.
Ra7 f4 47. c4 bxc4 48. Bxc4 Rc5 49. Ra3+ Kd4 50. Be2 Rc3 51. Ra6 d5 52. Kd2
Rc2+ 53. Kd1 Rxe2 0-1

[Event "Wch U20 50th"]
[Site "Chennai"]
[Date "2011.08.10"]
[Round "8"]
[White "Girish, A Koushnik"]
[Black "Grandelius, Nils"]
[Result "1-0"]
[WhiteElo "2309"]
[BlackElo "2542"]
[PlyCount "71"]
[EventDate "2011.08.02"]
[EventType "swiss"]
[EventRounds "13"]
[EventCountry "IND"]
[SourceTitle "CBM 143 Extra"]
[Source "ChessBase"]
[SourceDate "2011.08.29"]
[SourceVersion "1"]
[SourceVersionDate "2011.08.29"]
[SourceQuality "1"]

1. d4 Nf6 2. Nf3 g6 3. c4 Bg7 4. Nc3 d5 5. Qb3 dxc4 6. Qxc4 O-O 7. e4 a6 8. e5
b5 9. Qb3 Nfd7 10. h4 c5 11. e6 c4 12. Qd1 Nb6 13. exf7+ Rxf7 14. h5 Nc6 15.
hxg6 hxg6 16. Be3 Bf5 17. Ng5 Nxd4 18. Nxf7 Kxf7 19. Bxd4 Qxd4 20. Qxd4 Bxd4
21. a3 a5 22. Rh7+ Kf6 23. Rd1 Be5 24. g3 b4 25. f4 Bxc3+ 26. bxc3 b3 27. Bh3
Bxh3 28. Rxh3 Kf5 29. Rh7 Ra7 30. Kf2 Na4 31. Kf3 Nxc3 32. Re1 g5 33. g4+ Kg6
34. Reh1 gxf4 35. R1h6+ Kg5 36. Re6 1-0

[Event "Wch U20 50th"]
[Site "Chennai"]
[Date "2011.08.11"]
[Round "9"]
[White "Girish, A Koushnik"]
[Black "Hovhannisyan, Robert"]
[Result "0-1"]
[WhiteElo "2309"]
[BlackElo "2556"]
[PlyCount "92"]
[EventDate "2011.08.02"]
[EventType "swiss"]
[EventRounds "13"]
[EventCountry "IND"]
[SourceTitle "CBM 143 Extra"]
[Source "ChessBase"]
[SourceDate "2011.08.29"]
[SourceVersion "1"]
[SourceVersionDate "2011.08.29"]
[SourceQuality "1"]

1. d4 d5 2. Nf3 Nf6 3. c4 e6 4. Nc3 c6 5. g3 dxc4 6. Bg2 b5 7. O-O Bb7 8. e4
Be7 9. Qe2 a6 10. Rd1 O-O 11. a4 Nbd7 12. h3 h6 13. Nh2 Re8 14. e5 Nd5 15. Qg4
Bg5 16. f4 Nxc3 17. bxc3 f5 18. Qh5 Be7 19. g4 Rf8 20. g5 Qe8 21. g6 Kh8 22.
Nf3 Rg8 23. Ba3 c5 24. Ng5 Bxg5 25. fxg5 Bxg2 26. gxh6 Nf8 27. h7 Bb7 28.
hxg8=Q+ Kxg8 29. Kh2 b4 30. cxb4 Qxa4 31. Qe2 cxb4 32. Qxc4 a5 33. Bb2 Qd7 34.
Rg1 Rc8 35. Qe2 a4 36. Rad1 a3 37. Bc1 Qa4 38. Rd2 b3 39. Qf2 Bd5 40. Re1 Rc3
41. Qh4 b2 42. Bxb2 axb2 43. Rxb2 Rc2+ 44. Re2 Rxb2 45. Rxb2 Qa1 46. Qf2 f4 0-1

[Event "Wch U20 50th"]
[Site "Chennai"]
[Date "2011.08.12"]
[Round "10"]
[White "Swiercz, Dariusz"]
[Black "Girish, A Koushnik"]
[Result "1-0"]
[WhiteElo "2553"]
[BlackElo "2309"]
[PlyCount "101"]
[EventDate "2011.08.02"]
[EventType "swiss"]
[EventRounds "13"]
[EventCountry "IND"]
[SourceTitle "CBM 143 Extra"]
[Source "ChessBase"]
[SourceDate "2011.08.29"]
[SourceVersion "1"]
[SourceVersionDate "2011.08.29"]
[SourceQuality "1"]

1. e4 e5 2. Nf3 Nc6 3. Bb5 a6 4. Ba4 Nf6 5. O-O Be7 6. d3 b5 7. Bb3 d6 8. a4
Rb8 9. axb5 axb5 10. c3 O-O 11. Re1 Be6 12. Bxe6 fxe6 13. d4 exd4 14. cxd4 Qd7
15. Nbd2 h6 16. Nf1 Rf7 17. Qd3 Bf8 18. Ng3 d5 19. e5 Nh7 20. Bd2 Be7 21. Rec1
b4 22. Ra6 Nd8 23. b3 c6 24. Ne2 Nf8 25. Be3 Qc8 26. Nf4 Ra8 27. Rca1 Rxa6 28.
Qxa6 Qc7 29. Nd3 g5 30. Qa5 Qb8 31. Nfe1 Ng6 32. Nc2 Nf4 33. Bxf4 gxf4 34. f3
Bf8 35. Ncxb4 Rg7 36. Ra4 Nb7 37. Qa8 Qc7 38. Nxf4 Qf7 39. Nbd3 Kh7 40. Qc8 c5
41. Qxe6 cxd4 42. Qxf7 Rxf7 43. Rxd4 Na5 44. Rxd5 Nxb3 45. e6 Rg7 46. Rd7 Na5
47. Ne5 Bc5+ 48. Kf1 Kg8 49. Nd5 Rxd7 50. exd7 Nb7 51. Nc6 1-0

[Event "Wch U20 50th"]
[Site "Chennai"]
[Date "2011.08.13"]
[Round "11"]
[White "Girish, A Koushnik"]
[Black "Rasulov, Vugar Ural Oglu"]
[Result "0-1"]
[WhiteElo "2309"]
[BlackElo "2522"]
[PlyCount "120"]
[EventDate "2011.08.02"]
[EventType "swiss"]
[EventRounds "13"]
[EventCountry "IND"]
[SourceTitle "CBM 143 Extra"]
[Source "ChessBase"]
[SourceDate "2011.08.29"]
[SourceVersion "1"]
[SourceVersionDate "2011.08.29"]
[SourceQuality "1"]

1. d4 Nf6 2. Nf3 c5 3. d5 b5 4. Bg5 Qb6 5. Bxf6 Qxf6 6. c3 Qb6 7. e4 d6 8. Nbd2
Nd7 9. a4 b4 10. Bb5 bxc3 11. bxc3 Qc7 12. Nc4 g6 13. e5 Bg7 14. e6 Bxc3+ 15.
Kf1 Bxa1 16. Qxa1 O-O 17. exd7 Bxd7 18. h4 Bxb5 19. axb5 Qb7 20. Ne3 Qxb5+ 21.
Kg1 Rfb8 22. Kh2 Qb4 23. g3 a5 24. h5 Qe4 25. hxg6 fxg6 26. Ng5 Qe5 27. Qxe5
dxe5 28. Kg2 h5 29. g4 a4 30. gxh5 a3 31. hxg6 Kg7 32. Ne6+ Kxg6 33. Nc2 a2 34.
Na1 c4 35. Rh3 Rb3 36. Nxb3 cxb3 37. Rg3+ Kf5 38. Rf3+ Ke4 39. Nc5+ Kxd5 40.
Nxb3 Rg8+ 41. Kh2 Rb8 42. Na1 Rb1 43. Ra3 Rxa1 44. Kg2 e4 45. Ra4 Kc5 46. Kh2
Kb5 47. Ra7 Kc4 48. Kg2 e5 49. Ra3 Kb4 50. Ra8 Kb3 51. Rb8+ Kc2 52. Ra8 Kd2 53.
Ra3 e3 54. fxe3 e4 55. Kh2 Kc1 56. Ra8 Rb1 57. Rxa2 Rb2+ 58. Rxb2 Kxb2 59. Kg2
Kc2 60. Kg3 Kd2 0-1

[Event "Wch U20 50th"]
[Site "Chennai"]
[Date "2011.08.15"]
[Round "13"]
[White "Girish, A Koushnik"]
[Black "Urkedal, Frode Olav Olsen"]
[Result "1/2-1/2"]
[WhiteElo "2309"]
[BlackElo "2448"]
[PlyCount "60"]
[EventDate "2011.08.02"]
[EventType "swiss"]
[EventRounds "13"]
[EventCountry "IND"]
[SourceTitle "CBM 143 Extra"]
[Source "ChessBase"]
[SourceDate "2011.08.29"]
[SourceVersion "1"]
[SourceVersionDate "2011.08.29"]
[SourceQuality "1"]

1. e4 e5 2. Nf3 Nc6 3. Bb5 a6 4. Ba4 Nf6 5. O-O Be7 6. d3 d6 7. c3 O-O 8. Nbd2
Nd7 9. d4 Bf6 10. d5 Ne7 11. c4 a5 12. Re1 Nc5 13. Bc2 g6 14. Nf1 Bg7 15. Ng3
f5 16. exf5 Nxf5 17. Ne4 b6 18. Bg5 Qe8 19. Qe2 Qf7 20. Rad1 Bd7 21. Bc1 Rae8
22. b3 h6 23. Bb2 Ne7 24. Nfd2 Nf5 25. Nf3 Ne7 26. Nfd2 Nf5 27. Nf3 Ne7 28.
Nfd2 Nf5 29. Nf3 Ne7 30. Nfd2 Nf5 1/2-1/2

[Event "NED-chT 1112"]
[Site "Netherlands"]
[Date "2012.03.10"]
[Round "7.3"]
[White "Markus, John Raymond"]
[Black "Giri, Anish"]
[Result "0-1"]
[WhiteElo "2167"]
[BlackElo "2699"]
[PlyCount "86"]
[EventDate "2011.09.17"]
[EventType "team-tourn"]
[EventRounds "9"]
[EventCountry "NED"]
[SourceTitle "EXT 2013"]
[Source "ChessBase"]
[SourceDate "2012.11.22"]
[SourceVersion "1"]
[SourceVersionDate "2012.11.22"]
[SourceQuality "1"]
[WhiteTeam "Hilversum HSG"]
[BlackTeam "Calder HMC"]
[WhiteTeamCountry "NED"]
[BlackTeamCountry "NED"]

1. d4 Nf6 2. Nf3 e6 3. Bg5 h6 4. Bh4 c5 5. e3 b6 6. Nbd2 Bb7 7. Bd3 Be7 8. O-O
Nc6 9. c3 O-O 10. a4 a6 11. Qe2 cxd4 12. exd4 Nh5 13. Bxe7 Nxe7 14. g3 f5 15.
Ne5 Qe8 16. f4 Nf6 17. Ndc4 Nc8 18. Rae1 Kh8 19. b3 b5 20. axb5 axb5 21. Nd2
Nd6 22. c4 b4 23. Ra1 Nde4 24. Bxe4 fxe4 25. Rxa8 Bxa8 26. c5 Bd5 27. Ndc4 Kh7
28. Nd6 Qe7 29. g4 Bxb3 30. g5 Bd5 31. Ra1 b3 32. h4 Rb8 33. Kh2 Qf8 34. Rg1 b2
35. Rb1 Nh5 36. g6+ Kg8 37. f5 Nf6 38. Rxb2 e3 39. Rxb8 Qxb8 40. fxe6 dxe6 41.
Kg3 Qb1 42. Qxe3 Qf1 43. Nd3 Qg2+ 0-1